LEADER 01158nam0 22002891i 450 001 UON00052312 005 20231205102231.416 010 $a34-470-3612-5 100 $a20020107d1996 |0itac50 ba 101 $ager 102 $aDE 105 $a|||| 1|||| 200 1 $aˆA ‰structural grammar of Babylonian$fGiorgio Buccellati 210 $aWiesbaden$cHarrassowitz$d1996 215 $aXXXIV, 512 p.$d23 cm 316 $afatt. M 325031 del 31.1.01$5IT-UONSI MESIIB/020 N 606 $aFILOLOGIA ASSIRO-BABILONESE$xSTUDI GRAMMATICALI$3UONC013850$2FI 620 $aDE$dWiesbaden$3UONL003153 686 $aMES II B$cMESOPOTAMIA - LINGUISTICA - GRAMMATICHE$2A 700 1$aBUCCELLATI$bGiorgio$3UONV002011$0489944 712 $aHarrassowitz$3UONV245869$4650 801 $aIT$bSOL$c20240220$gRICA 899 $aSIBA - SISTEMA BIBLIOTECARIO DI ATENEO$2UONSI 912 $aUON00052312 950 $aSIBA - SISTEMA BIBLIOTECARIO DI ATENEO$dSI MES II B 020 N $eSI SA 95340 5 020 N fatt. M 325031 del 31.1.01 996 $aStructural grammar of Babylonian$91145575 997 $aUNIOR